Leaders of the top 16 countries by wealth - Statistics

General Stats
  • This quiz has been taken 20 times
    7 since last reset
  • The average score is 9 of 16
Answer Stats
Picture Answer % Correct
Boris Johnson
100%
Emmanuel Macron
100%
Joe Biden
100%
Xi Jinping
100%
Justin Trudeau
86%
Narendra Modi
86%
Jair Bolsonaro
71%
Olaf Scholz
71%
Pedro Sánchez
57%
Mario Draghi
29%
Mark Rutte
29%
Andrés Manuel López Obrador
14%
Scott Morrison
14%
Tsai Ing-wen
14%
Ignazio Cassis
0%
Yoon Suk-yeol
0%
No matching quizzes found
Score Distribution
Percent of People with Each Score
Percentile by Number Answered
Your Score History
You have not taken this quiz since the last reset